Čo je to znalostná ekonomika?

Na minha lista:
Detalhes bibliográficos
Autor principal: Brocková, Ingrid
Formato: Capítulo de Livro
Idioma:eslovaco
Tags: Adicionar Tag
Sem tags, seja o primeiro a adicionar uma tag!

MARC

LEADER 00000naa a2200000 4500
001 0167686
005 20240502072925.4
041 0 |a slo 
044 |a SK 
245 1 0 |a Čo je to znalostná ekonomika?  |c Ingrid Brocková 
100 1 |a Brocková, Ingrid